Normal view
MARC view
- PATTERN CLASSIFICATION WITH MATLAB
Entry Topical Term
001 - CONTROL NUMBER
- control field: 77752
003 - CONTROL NUMBER IDENTIFIER
- control field: NUST
005 - DATE AND TIME OF LATEST TRANSACTION
- control field: 20210628210006.0
008 - FIXED-LENGTH DATA ELEMENTS
- fixed length control field: 210628|| aca||aabn | a|a d
040 ## - CATALOGING SOURCE
- Original cataloging agency: NUST
- Transcribing agency: NUST
150 ## - HEADING--TOPICAL TERM
- Topical term or geographic name entry element: PATTERN CLASSIFICATION WITH MATLAB
670 ## - SOURCE DATA FOUND
- Source citation: Work cat.: (NUST): Stork, David.G 77751, Pattern classification,computer manual in matlab to accompany, 2004
